| 000 | 00807nam a2200205Ia 4500 | ||
|---|---|---|---|
| 005 | 20241216011217.0 | ||
| 008 | 190429s9999||||xx |||||||||||||| ||und|| | ||
| 082 |
_a374.32 _bF65 |
||
| 100 | _aFLORES KALA AMERICA NATALIA | ||
| 245 | 0 | _aINFLUENCIA DEL PLAN DE ESTUDIOS EN EL RENDIMIENTO ACADEMICO DE LOS ESTUDIANTES DE LA ESPECIALIDAD DE INGLES - INFORMATICA DE LA CARRERA PROFESIONAL DE EDUCACION DE LA UNIVERSIDAD TECNOLOGICA DE LOS ANDES EN EL AÑO 2012 | |
| 250 | _a0 | ||
| 260 |
_aCERRO DE PASCO-PERU _bUNDAC _c2013 |
||
| 300 |
_a93 pag. _c30 cm. |
||
| 341 | _h0 | ||
| 490 |
_v0 _a0 |
||
| 505 | _aPROBLEMA DE INVESTIGACION, MARCO TEORICO, METODOLOGIA Y TECNICAS DE INVESTIGACION, RESULTADOS Y DISCUSION | ||
| 541 |
_aD _bFLORES KALA, AMERICA _d19-Aug-16 _oSoles |
||
| 650 | _a6DNSP | ||
| 942 | _cTESIS | ||
| 999 |
_c35642 _d35642 |
||